| 000 | 00423nam a2200133Ia 4500 | ||
|---|---|---|---|
| 005 | 20260326100031.0 | ||
| 008 | 260326s9999||||xx |||||||||||||| ||und|| | ||
| 100 | _aCamacho de Pinto, Teresa | ||
| 245 | 0 |
_aColombia : _b El Proceso de Urbanización y sus factores relacionados / _cTeresa Camacho de Pinto |
|
| 260 | _bUniversidad Pedagógica y Tecnológica de Colombia | ||
| 300 | _a133 p. | ||
| 650 | _aURBANISMO | ||
| 942 | _cBK | ||
| 999 |
_c6608 _d6608 |
||